Kapitalismus: mýtus jednoho slova politické eseje

Salvato in:
Dettagli Bibliografici
Autore principale: Horyna, Břetislav
Natura: Libro
Lingua:ceco
Pubblicazione: Praha Filosofia 2014
Serie:Filosofie a sociální vědy 48
Soggetti:
Tags: Aggiungi Tag
Nessun Tag, puoi essere il primo ad aggiungerne!!

MARC

LEADER 00000nam a2200000 4500
001 0204361
005 20240313085933.4
020 |a 978-80-7007-418-3 
041 0 |a cze 
044 |a CZ 
245 1 0 |a Kapitalismus: mýtus jednoho slova  |b politické eseje  |c Břetislav Horyna 
264 1 |a Praha  |b Filosofia  |c 2014 
300 |a 298 s. 
490 1 |a Filosofie a sociální vědy  |v 48 
830 0 |a Filosofie a sociální vědy  |v 48 
610 2 0 |a kapitalizmus 
610 2 0 |a demokracia 
610 2 0 |a vzdelanie 
610 2 0 |a sloboda 
100 1 |a Horyna, Břetislav